| 000 | 03530cam a22001934a 4500 | ||
|---|---|---|---|
| 005 | 20250605164221.0 | ||
| 008 | 250528s ||||||||||||||||||||||||d | ||
| 035 | _a20677 | ||
| 040 |
_aGR-AtMCL _bgre _dGR-AtMCL _eAACR2 |
||
| 245 | 1 | _aΧημική Τεχνολογία / Εργαστηριακές Ασκήσεις και Πειράματα Τμήματος Μηχανολογίας | |
| 260 |
_bΤεχνολογικό Εκπαιδευτικό Ίδρυμα Λάρισας, _c1997 |
||
| 300 | _a350 | ||
| 505 | 0 | _aΠρόλογος, Εισαγωγικό Μέρος, Γενικές Εργαστηριακές Ασκήσεις, Ποιοτικοί Χημικοί Προσδιορισμοί, Ποσοτικοί Χημικοί Προσδιορισμοί, Ποσοτική Ανάλυση, Ογκομετρική Ανάλυση, Ισσοροπί Φάσεων και Ιδιοκτήτες Αραιών Διαλυμάτων, Προσδιορισμός του Μοριακού Βάρους Ουσίας από την Ταπέινωση του Σημείου Πήξης, Παρασκευή Συνθετικών Πλαστικών και Ελεγχος των Ιδιοτήτων Αυτών, Αναγνώριση Υφαντικών Ινών με Χημικά Μέσα, Θεμοχημεία και Χημική Κινητική και Κατάλυση, Εργαστηριακές Ασκήσεις και Πειράματα στα Ηλεκτροχημικά Φαινόμενα, Μέτρηση Ενεργού Οξύτητας (PH) Διαλυμάτων και Ρυθμιστικών Διαλυμάτων, Οξειδοαναγωγικές Αντιδράσεις και Ηλεκτροχημική Δραστηριότητα των Μετάλλων, Φασματομετρία και Μέθοδοι Φασματικής Ανάλυσης, Χρωματογραφία, Κρυοσκοπικές Μετρήσεις, Ζεσεοσκοπικές Μετρήσεις, Βιβλιογραφία. | |
| 520 | _aΠρόλογος, Εισαγωγικό Μέρος, Γενικές Εργαστηριακές Ασκήσεις, Ποιοτικοί Χημικοί Προσδιορισμοί, Ποσοτικοί Χημικοί Προσδιορισμοί, Ποσοτική Ανάλυση, Ογκομετρική Ανάλυση, Ισσοροπί Φάσεων και Ιδιοκτήτες Αραιών Διαλυμάτων, Προσδιορισμός του Μοριακού Βάρους Ουσίας από την Ταπέινωση του Σημείου Πήξης, Παρασκευή Συνθετικών Πλαστικών και Ελεγχος των Ιδιοτήτων Αυτών, Αναγνώριση Υφαντικών Ινών με Χημικά Μέσα, Θεμοχημεία και Χημική Κινητική και Κατάλυση, Εργαστηριακές Ασκήσεις και Πειράματα στα Ηλεκτροχημικά Φαινόμενα, Μέτρηση Ενεργού Οξύτητας (PH) Διαλυμάτων και Ρυθμιστικών Διαλυμάτων, Οξειδοαναγωγικές Αντιδράσεις και Ηλεκτροχημική Δραστηριότητα των Μετάλλων, Φασματομετρία και Μέθοδοι Φασματικής Ανάλυσης, Χρωματογραφία, Κρυοσκοπικές Μετρήσεις, Ζεσεοσκοπικές Μετρήσεις, Βιβλιογραφία. | ||
| 700 | 1 |
_aΑστέριος Μπότης _96643 |
|
| 942 | _cBK | ||
| 999 |
_c5763 _d5763 |
||